000 00360nam a2200169Ia 4500
008 210210b1952 xxu||||| |||| 00| 0 eng d
041 _aeng
082 _a534/46
100 _aRAJAN (S R Govinda)
245 _aSound
260 _aMadras
_b-
_c1952
300 _a240
650 _aSound
690 _aSound
700 _aMURUGAIYAN (T)
906 _a008534
999 _c126481
_d126481